[Event "Reykjavik TR CC Opinn"]
[Site "Reykjavik"]
[Date "2018.09.21"]
[Round "5.2"]
[White "Thorisson, Benedikt"]
[Black "Olafsson, Arni"]
[Result "1/2-1/2"]
[WhiteElo "1338"]
[BlackElo "1331"]
[PlyCount "116"]
[EventDate "2018.09.09"]
[EventType "swiss"]
[EventRounds "7"]
[EventCountry "ISL"]
[SourceTitle "EXT 2024"]
[Source "ChessBase"]
[SourceDate "2023.10.10"]
[SourceVersion "1"]
[SourceVersionDate "2023.10.10"]
[SourceQuality "1"]

1. e4 e5 2. Nf3 Nc6 3. d4 exd4 4. Nxd4 Bc5 5. Be3 Qf6 6. c3 Nge7 7. Be2 0-0 8. 0-0 b6 9. Nxc6 Qxc6 10. Bxc5 Qxc5 11. Qd4 Qxd4 12. cxd4 d5 13. e5 Bf5 14. Nc3 c6 15. f4 a5 16. g4 Bd7 17. f5 b5 18. Rae1 Rfe8 19. Bd3 Nc8 20. g5 g6 21. Rf3 gxf5 22. Bxf5 Be6 23. Ref1 Bxf5 24. Rxf5 Ra7 25. Ne2 Rc7 26. Rc1 Nb6 27. b3 Nd7 28. Nf4 b4 29. Nxd5 Rcc8 30. Nf6+ Nxf6 31. Rxf6 c5 32. Rd6 cxd4 33. Rxc8 Rxc8 34. Rxd4 Rc5 35. Re4 Rc2 36. h4 Rxa2 37. e6 fxe6 38. Rxe6 Ra3 39. Ra6 Rxb3 40. Rxa5 Rh3 41. Rb5 Rxh4 42. Kf2 Kg7 43. Kg3 Rd4 44. Kf3 Kg6 45. Ke3 Rg4 46. Kf3 Rxg5 47. Rxb4 h5 48. Rb6+ Kf5 49. Rb5+ Kg6 50. Rxg5+ Kxg5 51. Kg3 h4+ 52. Kh3 Kh5 53. Kh2 Kg4 54. Kg2 h3+ 55. Kh2 Kh4 56. Kh1 Kg3 57. Kg1 h2+ 58. Kh1 Kh3 1/2-1/2

[Event "Reykjavik TR CC Opinn"]
[Site "Reykjavik"]
[Date "2018.09.19"]
[Round "4.1"]
[White "Olafsson, Arni"]
[Black "Davidsson, Joshua"]
[Result "0-1"]
[WhiteElo "1331"]
[BlackElo "1500"]
[PlyCount "88"]
[EventDate "2018.09.09"]
[EventType "swiss"]
[EventRounds "7"]
[EventCountry "ISL"]
[SourceTitle "EXT 2024"]
[Source "ChessBase"]
[SourceDate "2023.10.10"]
[SourceVersion "1"]
[SourceVersionDate "2023.10.10"]
[SourceQuality "1"]

1. e4 c5 2. Nf3 e6 3. d4 cxd4 4. Nxd4 Nc6 5. Nc3 Nf6 6. f3 Bb4 7. Be3 d5 8. exd5 Nxd5 9. Nxc6 bxc6 10. Qd3 a5 11. a3 Ba6 12. Qd2 Bxc3 13. bxc3 Bxf1 14. Rxf1 Nxe3 15. Qxe3 Qc7 16. f4 0-0 17. Kf2 Rae8 18. Kg1 Rd8 19. Rad1 h6 20. Kh1 Rxd1 21. Rxd1 Rd8 22. Rd2 Qb8 23. Rxd8+ Qxd8 24. Qd4 Qd5 25. h3 Kf8 26. Kg1 f6 27. Qxd5 cxd5 28. Kf2 Ke7 29. Ke3 Kd6 30. h4 h5 31. g3 g6 32. a4 Kc5 33. Kd3 e5 34. c4 e4+ 35. Kc3 d4+ 36. Kd2 Kxc4 37. g4 hxg4 38. f5 gxf5 39. h5 g3 40. h6 g2 41. h7 g1Q 42. h8Q e3+ 43. Ke2 Qf2+ 44. Kd1 Qd2# 0-1

[Event "Reykjavik Taflfelag op"]
[Site "Reykjavik"]
[Date "2017.09.15"]
[Round "5"]
[White "Olafsson, Arni"]
[Black "Eliasson, Kristjan Orn"]
[Result "0-1"]
[WhiteElo "1217"]
[BlackElo "1869"]
[PlyCount "57"]
[EventDate "2017.09.06"]
[EventType "swiss"]
[EventRounds "9"]
[EventCountry "ISL"]
[SourceTitle "CBM 180 Extra"]
[Source "ChessBase"]
[SourceDate "2017.10.06"]
[SourceVersion "1"]
[SourceVersionDate "2017.10.06"]
[SourceQuality "1"]

1. e4 d6 2. Nf3 c6 3. Nc3 Nf6 4. d4 g6 5. d5 Bg7 6. Bf4 Bg4 7. h3 Bxf3 8. Qxf3 Qa5 9. Bd2 Qb6 10. 0-0-0 Nbd7 11. Qe2 0-0 12. f4 cxd5 13. exd5 Nxd5 14. Qf3 Nxc3 15. Bxc3 Rac8 16. Bxg7 Kxg7 17. Kb1 Rc5 18. g4 Rfc8 19. Bd3 Ra5 20. Rh2 Nc5 21. Re1 Na4 22. b3 Nc3+ 23. Kb2 Rxa2+ 24. Kc1 Ra1+ 25. Kd2 Rxe1 26. Kxe1 Qg1+ 27. Kd2 Qxh2+ 28. Ke1 Qg1+ 29. Kd2 0-1

[Event "Weggis Seniors op 4th"]
[Site "Weggis"]
[Date "2005.04.22"]
[Round "?"]
[White "Weinmann, Willy"]
[Black "Olafsson, Arni"]
[Result "0-1"]
[WhiteElo "1450"]
[BlackElo "1680"]
[PlyCount "59"]
[EventDate "2005.04.18"]
[EventType "swiss"]
[EventRounds "9"]
[EventCountry "SUI"]
[SourceTitle "EXT 2007"]
[Source "ChessBase"]
[SourceDate "2006.11.23"]
[SourceVersion "1"]
[SourceVersionDate "2006.11.23"]
[SourceQuality "1"]

1. e4 e6 2. d4 d5 3. Bd3 Nf6 4. e5 Nfd7 5. Nf3 c5 6. Bb5 a6 7. Bxd7+ Bxd7 8. Be3 Qb6 9. b3 Nc6 10. c3 cxd4 11. cxd4 Bb4+ 12. Nbd2 Bc3 13. Rc1 Qb4 14. 0-0 Nxd4 15. Nxd4 Bxd4 16. a3 Qb6 17. b4 Bxe3 18. fxe3 Qxe3+ 19. Kh1 Qxe5 20. Nf3 Qd6 21. Ng5 0-0 22. Ne4 Qe5 23. Nc5 Bc6 24. Rf2 Rfc8 25. Qf3 Rf8 26. Nd3 Qe4 27. Qg3 Qg6 28. Qh3 Bb5 29. Ne5 Qe4 30. Nf3 0-1

[Event "Weggis Seniors op"]
[Site "Weggis"]
[Date "2004.??.??"]
[Round "?"]
[White "Olafsson, Arni"]
[Black "Fringeli, Eduard"]
[Result "1-0"]
[WhiteElo "1655"]
[BlackElo "1680"]
[PlyCount "59"]
[EventDate "2004.??.??"]
[EventType "swiss"]
[EventRounds "9"]
[EventCountry "SUI"]
[SourceTitle "EXT 2010"]
[Source "ChessBase"]
[SourceDate "2010.11.25"]
[SourceVersion "1"]
[SourceVersionDate "2010.11.25"]
[SourceQuality "1"]

1. d4 d5 2. c4 c6 3. Nc3 Nf6 4. Nf3 Bf5 5. e3 e6 6. a3 Bd6 7. Bd3 Bg4 8. c5 Bc7 9. Be2 0-0 10. h3 Bh5 11. 0-0 Nbd7 12. b4 b6 13. cxb6 axb6 14. Nd2 Bxe2 15. Qxe2 c5 16. dxc5 bxc5 17. bxc5 Nxc5 18. Bb2 Qd6 19. g3 Rfb8 20. Nb5 Rxb5 21. Bxf6 Rab8 22. Bc3 Ba5 23. Bxa5 Rxa5 24. Rfd1 Rb2 25. Qf1 h6 26. Nc4 Qb8 27. Nxa5 Qb6 28. Qe1 Ne4 29. Rab1 Rxb1 30. Rxb1 1-0